[Event "RUS Cup Final Men 2017"]
[Site "Khanty-Mansiysk"]
[Date "2017.12.07"]
[Round "2.1"]
[White "Gordievsky, Dmitry"]
[Black "Lomasov, Semen"]
[Result "1-0"]
[WhiteElo "2610"]
[BlackElo "2516"]
[Annotator "TA"]
[PlyCount "93"]
[EventDate "2017.??.??"]
[EventType "k.o."]
[EventCountry "RUS"]
[SourceTitle "playchess.com"]
[Source "ChessBase"]
[SourceQuality "1"]

{[%evp 9,93,-2,-10,-31,-33,-47,-19,-44,-13,-47,0,-19,-2,-14,6,7,51,53,135,143,118,124,158,128,152,126,262,244,293,281,266,270,154,168,267,185,177,70,218,220,207,201,169,135,182,160,175,151,166,135,145,147,154,149,155,137,145,144,144,70,89,62,70,73,82,46,84,76,76,72,587,576,1240,1216,1066,265,262,266,274,262,238,266,463,451,669,637]} 1. c4 e5 2. e3 Nf6 3. Nc3 Nc6 4. a3 d5 5. cxd5 Nxd5 {LiveBook: 44 Games} 6. Nge2 {A25: English Opening vs King's Indian with ...Nc6 but without early d3} (6. Qc2 Be7 7. Nf3 O-O 8. Be2 Be6 9. O-O f5 10. d3 Kh8 11. Nxd5 Bxd5 12. b4 e4 13. dxe4 Bxe4 14. Qb3 Bd5 15. Qc2 Be4 16. Qb3 Bd5 17. Qc2 {½-½ (17) Grischuk,A (2792)-Safarli,E (2649) Dubai 2014}) 6... Nb6 7. b4 a6 $146 ({Predecessor:} 7... Be7 8. Na4 O-O 9. Nec3 Be6 10. Bb2 Nc4 11. Qc2 Nxb2 12. Nxb2 Qd7 13. Bc4 Bf5 {½-½ (107) Bischoff,K (2555)-Naumann,A (2538) playchess.com INT 2005}) 8. Ng3 {The position is equal.} Be7 9. Qc2 h5 {[%cal Bh7h5,Bh5h4][%mdl 32]} 10. Be2 h4 11. Nge4 $1 a5 12. b5 Nb8 {White should prevent ...f5.} (12... Na7 $5 {[%cal Rf7f5]}) 13. d4 f5 {[#]} (13... exd4 $14 14. exd4 h3) 14. Nd2 $1 $16 exd4 15. exd4 Qxd4 16. Nf3 Qd6 17. O-O {[%mdl 1024] White has strong compensation.} Bf6 (17... O-O $16 {was called for.}) 18. Bg5 $18 N8d7 19. Rfe1 O-O 20. Qa2+ ({Weaker is} 20. Bxh4 Bxh4 21. Nxh4 Ne5 $16) 20... Kh8 21. Rad1 Qc5 (21... Qe7 $142) 22. Bxf6 Nxf6 {[#]} 23. Nxh4 ({Better is} 23. Bf1 $1 $18) 23... Kh7 (23... Re8 $14 24. Rc1 Be6) 24. Rc1 Qd6 25. Red1 Qe7 26. Nf3 Ne4 27. Re1 Qf6 28. Qc2 Nd6 29. h4 Bd7 30. Ng5+ Kh8 31. Bf3 Rae8 32. Nd5 Nxd5 33. Bxd5 Nxb5 {[%cal Bd6b5,Bb5d4,Bd4e2][%mdl 32]} 34. Rxe8 (34. Bxb7 $16 Rxe1+ 35. Rxe1) 34... Rxe8 35. Qd1 g6 {And now ...Nc3 would win.} 36. Bxb7 Re7 {Black wants to play ...Nc3.} 37. Qd2 Nd4 38. Rd1 ({Not} 38. Rxc7 $2 Ne2+ 39. Qxe2 (39. Kf1 $2 Qa1+ 40. Rc1 Nxc1 $19) 39... Rxe2 $19) 38... Ne2+ 39. Kh1 Qb6 $2 {[%mdl 8192]} (39... Bb5 $16 {keeps some hope.}) 40. Bf3 Qxf2 {Threatens to win with ...Ng3+.} 41. Qb2+ Rg7 42. Qxe2 $2 (42. Bxe2 {Intending Rxd7 and mate.} Qxh4+ 43. Kg1 Qxg5 44. Rxd7 Qe3+ 45. Kf1 Qf4+ 46. Bf3) 42... Qxh4+ 43. Nh3 {Black must now prevent Rxd7!} Kh7 44. Qe5 Re7 45. Qxa5 Qg3 $2 (45... f4 {might work better.} 46. Qg5 Qxg5 47. Nxg5+ Kh6) 46. Qb4 Qe5 (46... Rg7 $142 47. Qd4 f4 48. Nxf4 Qh4+ 49. Kg1 Bf5) 47. Qh4+ {Precision: White = 53%, Black = 31%.} 1-0

[Event "RUS Cup Final Men 2017"]
[Site "Khanty-Mansiysk"]
[Date "2017.12.07"]
[Round "2.1"]
[White "Alekseenko, Kirill"]
[Black "Kokarev, Dmitry"]
[Result "1/2-1/2"]
[WhiteElo "2590"]
[BlackElo "2615"]
[Annotator "TA"]
[PlyCount "107"]
[EventDate "2017.??.??"]
[EventType "k.o."]
[EventCountry "RUS"]
[SourceTitle "playchess.com"]
[Source "ChessBase"]
[SourceQuality "1"]

{[%evp 22,107,16,4,20,0,19,6,21,0,0,3,8,0,0,0,17,7,8,16,12,11,17,9,11,6,11,-12,14,-2,20,0,10,0,0,0,0,-12,-9,-9,-9,-30,-33,-40,-17,-17,-17,-17,-16,-16,-16,-16,-16,-17,-17,-17,-17,-17,-17,-17,-12,-19,-12,-41,-41,-41,-41,-48,-41,-46,-41,-61,-61,-61,-61,-61,-61,-61,-61,-61,-61,-61,-61,-61,-61,-61,-61,-61]} 1. e4 c5 2. Nf3 d6 3. d4 cxd4 4. Nxd4 Nf6 5. Nc3 a6 6. Be2 e5 7. Nb3 Be7 8. O-O O-O 9. Re1 Be6 {B92: Sizilianisch (Najdorf-Variante mit 6.Le2)} 10. Bf3 Nbd7 11. a4 Rc8 12. Be3 {LiveBook: 6 Partien} Nb6 13. Nd2 Nc4 14. Nxc4 Rxc4 15. a5 Qc7 16. Bb6 {[#]} Qd7 $146 ({Vorgänger:} 16... Qc6 17. Qd2 Rc8 {1-0 (80) Almasi,Z (2685)-Safarli,E (2587) Paks 2009}) 17. Nd5 Bxd5 18. exd5 Rb4 19. b3 Rxb6 20. axb6 Bd8 21. Qd3 Bxb6 22. b4 Qc7 23. Rac1 a5 24. c3 g6 25. g3 Rc8 26. Qb1 Kg7 27. Kg2 Qd7 28. Re2 axb4 29. cxb4 (29. Qxb4 {with more complications.} Bc5 30. Qb3 h5 31. h4 b5 32. Rb1) 29... Rxc1 30. Qxc1 Qb5 31. Qe1 Qc4 32. Qb1 e4 33. Rxe4 $1 Nxe4 34. Qxe4 Qb3 35. Be2 Qb2 36. b5 Qf6 37. Bf3 Qc3 38. Qe2 Qd4 39. Qc2 Bc5 40. Qe2 Kf6 41. h4 Qe5 42. h5 Qxe2 {Schwarz steht etwas besser.} 43. Bxe2 $15 {[%mdl 4096] Endspiel KL-KL} Ke5 44. hxg6 hxg6 45. Bg4 f5 46. Bf3 b6 47. Kf1 Kd4 48. Be2 Kxd5 49. Bd3 Kd4 50. Ke2 Kc3 {zielt auf ...Lxf2! ab.} 51. f3 d5 52. g4 fxg4 53. fxg4 g5 54. Bf5 {Precision: Weiß = 44%, Schwarz = 73%.} 1/2-1/2

[Event "RUS Cup Final Men 2017"]
[Site "Khanty-Mansiysk"]
[Date "2017.12.07"]
[Round "2.1"]
[White "Shaposhnikov, Evgeny"]
[Black "Golubov, Saveliy"]
[Result "1-0"]
[WhiteElo "2563"]
[BlackElo "2488"]
[Annotator "TA"]
[PlyCount "58"]
[EventDate "2017.??.??"]
[EventType "k.o."]
[EventCountry "RUS"]
[SourceTitle "playchess.com"]
[Source "ChessBase"]
[SourceQuality "1"]

{[%evp 12,58,36,38,79,64,73,69,94,85,81,82,135,77,81,68,87,93,108,89,97,98,85,86,170,171,159,160,236,181,274,314,400,404,413,410,397,403,401,404,396,398,435,415,688,677,668,644,1033]} 1. d4 Nf6 2. c4 c6 3. Nf3 d5 4. Nc3 a6 5. a4 {[%cal Ba2a4,Ba4a5][%mdl 32]} Bf5 6. Qb3 Ra7 {D15: Slav Defence: 4 Nc3 a6 and gambit lines after 4 Nc3 dxc4} 7. a5 {LiveBook: 15 Games} dxc4 8. Qxc4 Nbd7 {White is slightly better.} 9. g3 ({Don't play} 9. Ng5 Bg6 $11) 9... e6 10. Bg2 Be7 11. O-O Ne4 $146 {[#]} (11... O-O $142) ({Predecessor:} 11... O-O 12. Nh4 Bg4 13. e4 c5 14. Be3 {0-1 (44) Duzhakov,I (2326)-Mirzoev,A (2510) St Petersburg 2011}) 12. Nd2 (12. Ne5 $142 $1 Nd6 13. Qb3) 12... Nd6 $16 13. Qa2 Nb5 14. e4 {Nxb5 is the strong threat.} Bg6 15. d5 (15. Nc4 {with more complications.} O-O 16. Be3 Bh5 17. d5 Bc5 18. Nxb5 axb5 19. b4) 15... Nxc3 16. bxc3 exd5 17. exd5 cxd5 (17... O-O $16) 18. Qxd5 $18 {And now Qd4 would win.} O-O {[#]} 19. Nc4 $1 Ra8 (19... Nc5 $16) 20. Be3 Nf6 (20... Nc5 $142 21. Nb6 Qxd5 22. Nxd5 Bd6) 21. Qxb7 Rb8 22. Qxa6 Be4 {With the idea ...Bxg2.} 23. Rfd1 Qe8 24. Nd6 Bxd6 25. Qxd6 ({Not} 25. Rxd6 Bxg2 26. Kxg2 Ne4 $18) 25... Bxg2 26. Kxg2 Ng4 {Hoping for ...Qe4+.} 27. Bd4 f5 (27... Rb5 $142 28. Qf4 Ne5) 28. Re1 Qh5 29. h3 f4 {Precision: White = 100%, Black = 28%.} 1-0

[Event "RUS Cup Final Men 2017"]
[Site "Khanty-Mansiysk"]
[Date "2017.12.08"]
[Round "2.2"]
[White "Kokarev, Dmitry"]
[Black "Alekseenko, Kirill"]
[Result "1/2-1/2"]
[WhiteElo "2615"]
[BlackElo "2590"]
[Annotator "TA"]
[PlyCount "81"]
[EventDate "2017.??.??"]
[EventType "k.o."]
[EventCountry "RUS"]
[SourceTitle "playchess.com"]
[Source "ChessBase"]
[SourceQuality "1"]

{[%evp 30,81,33,27,41,29,29,15,25,17,31,9,16,21,14,9,23,-4,-7,-10,20,27,18,28,12,13,19,0,75,0,30,42,15,0,185,178,164,187,185,193,174,168,179,118,91,95,102,1,2,0,0,0,0,0]} 1. e4 e5 2. Nf3 Nc6 3. Bb5 a6 4. Ba4 Nf6 5. O-O Be7 6. Re1 b5 7. Bb3 d6 8. c3 O-O 9. h3 Bb7 10. d4 Re8 11. a3 h6 12. Nbd2 Bf8 13. Bc2 {[%cal Bb3c2,Bc2d3,Bd3f1][%mdl 32]} Nb8 14. b3 Nbd7 15. Bb2 g6 16. a4 c6 {C93: Closed Ruy Lopez: Smyslov Variation} 17. Bd3 Nh5 18. Bf1 Nf4 {[#]} 19. Qc2 $146 ({Predecessor:} 19. b4 Nb6 20. g3 Nh5 21. axb5 axb5 22. Rxa8 Bxa8 23. dxe5 dxe5 24. Qb3 {½-½ (35) Daubenfeld,N (2521)-Voss,M (2649) ICCF email 2012}) 19... Ne6 20. Rad1 Qc7 21. g3 Rad8 22. axb5 axb5 23. c4 b4 24. c5 dxc5 25. dxe5 Nd4 26. Nxd4 cxd4 27. f4 Nc5 {[%cal Bd7c5,Bc5e6,Be6g5][%mdl 32]} 28. Nf3 Qb6 {[#]} (28... d3 $11 29. Bxd3 Nxd3 30. Rxd3 Rxd3 31. Qxd3 Rd8) 29. Kg2 ({Wrong is} 29. Bxd4 $2 Rxd4 30. Nxd4 Ne6 $19) (29. Rxd4 $2 Ne6 $19) (29. Kh2 $1 $16 d3 30. Qf2) 29... Ne6 (29... d3 $5 30. Bxd3 Nxd3 31. Rxd3 Rxd3 32. Qxd3 c5 $11) 30. f5 $36 {[%mdl 2048] White fights for an advantage.} Ng5 $1 {[%cal Rg5f3]} 31. fxg6 (31. Nxd4 $2 c5 $19) 31... fxg6 $2 (31... c5 $11 32. gxf7+ Kxf7) 32. Bc4+ ({Not} 32. Rxd4 Nxf3 33. Qc4+ Kh7 $11) ({Don't play} 32. Nxd4 $6 c5 $14) 32... Kh7 {...Nxf3 is the strong threat.} 33. Bxd4 c5 {And now ...Nxf3 would win.} 34. Nxg5+ hxg5 35. Bb2 Bg7 {[#]} 36. Rxd8 (36. e6 $1 $18) 36... Qxd8 $16 37. e6 Bc8 38. Rf1 (38. Bxg7 $16 Kxg7 39. Bb5) 38... Bxe6 $11 {The position is equal.} 39. Bxg7 Kxg7 40. Bxe6 Rxe6 41. Qxc5 {Precision: White = 66%, Black = 53%.} 1/2-1/2

[Event "RUS Cup Final Men 2017"]
[Site "Khanty-Mansiysk"]
[Date "2017.12.08"]
[Round "2.2"]
[White "Paravyan, David"]
[Black "Jakovenko, Dmitry"]
[Result "0-1"]
[WhiteElo "2589"]
[BlackElo "2730"]
[Annotator "TA"]
[PlyCount "136"]
[EventDate "2017.??.??"]
[EventType "k.o."]
[EventCountry "RUS"]
[SourceTitle "playchess.com"]
[Source "ChessBase"]
[SourceQuality "1"]

{[%evp 9,136,16,30,18,20,14,22,28,29,15,13,-25,-25,-25,-16,-29,-26,-11,-6,-15,-20,-16,-9,-18,-17,-48,-50,-46,-52,-47,-49,-40,-44,-56,-43,-33,-46,-95,-54,-54,-55,-64,-47,-53,-59,-61,-56,-74,-73,-69,-66,-67,-59,-66,-43,-67,-54,-61,-47,-64,-38,-27,-33,-37,-12,-12,-15,-15,-15,-15,-14,-32,-28,-243,-222,-243,-243,-235,-235,-218,-231,-295,-293,-353,-349,-365,-338,-979,-951,-827,-791,-1397,-1051,-2195,-8,-8,0,-1701,-1195,-2446,-8,-8,0,-2143,-2190,-29968,-10,-18,0,-29961,-29964,-29974,-29975,-29957,-5600,-29977,-29978,-29977,-29975,-29977,-29976,-29976,-29977,-29976,-29973,-29973,-29974,-29973,-29973]} 1. e4 e5 2. Nf3 Nc6 3. Bb5 Nf6 4. d3 Bc5 5. Bxc6 dxc6 6. c3 {C65: Spanische Partie (Berliner-Verteidigung)} (6. O-O {feels hotter.} Nd7 7. Nbd2 O-O 8. a4 a5 9. Nc4) (6. Nbd2 Be6 7. Qe2 Nd7 8. Nb3 Bb6 9. Ng5 Nf8 10. O-O Bxb3 11. axb3 f6 12. Nf3 Ne6 13. Kh1 Qd7 {0-1 (45) Caruana,F (2802)-Nakamura,H (2786) chess.com INT 2017}) 6... Bd6 7. O-O Bg4 8. h3 {Die Stellung ist ausgeglichen.} Bh5 $146 ({Vorgänger:} 8... Be6 9. Bg5 O-O 10. Re1 c5 11. c4 h6 {1-0 (29) Kohler,D-Beeman,B (1628) ICCF email 2008}) 9. Nbd2 Nd7 10. d4 exd4 11. cxd4 O-O 12. Re1 Re8 13. Nc4 Nb6 14. Nxd6 Qxd6 15. g4 Bg6 16. Ne5 Rad8 17. Bg5 f6 $1 $36 {[%cal Rf6g5][%mdl 2048] Schwarz hat Initiative.} ({Viel schlechter ist} 17... Qxd4 $6 18. Bxd8 Qxe5 19. Bh4 $16) 18. Nxg6 hxg6 19. e5 Qd5 20. Bh4 Kf7 21. Qc2 Qc4 22. Qxc4+ Nxc4 23. Red1 Rh8 ({Doch nicht} 23... Nxb2 $6 24. Rdb1 $11) 24. Bg3 Rxh3 25. Kg2 Rhh8 26. b3 Na3 27. exf6 gxf6 28. Bxc7 Rd5 29. Rh1 Rxh1 30. Rxh1 Rxd4 $15 {[%mdl 4096] Endspiel KTL-KTS} 31. Rh7+ Ke6 $1 32. Bb8 Rxg4+ 33. Kf3 Rb4 34. Bxa7 {Droht stark Lc5.} Nc2 35. Ke2 {Schwarz muss nun Kd2 beachten.} Rb5 36. Kd2 Nb4 37. a4 Rd5+ 38. Kc3 Na2+ 39. Kc2 b5 40. Rc7 Kd6 41. Bb8 $2 (41. Rg7 $11) 41... Nb4+ $19 42. Kc3 Na6 43. Rb7+ Nxb8 44. Rxb8 {KT-KT} Rf5 $1 45. Rd8+ {[#]} Kc7 $1 {[%cal Rc7d8]} 46. Rd2 Kb6 47. axb5 Kxb5 48. Kb2 $2 (48. Re2) 48... c5 49. Re2 g5 50. Rc2 Rf3 51. Ka2 Kb4 $2 ({Günstiger ist} 51... f5 $19 {Und weiter mit ...Th3 wäre nett.} 52. Ka3 g4) 52. Rc4+ $11 Kb5 $2 {[%mdl 8192]} (52... Ka5 $11 53. Rxc5+ Kb4 54. Rc4+ Kb5) 53. Rc2 $19 f5 54. Kb2 Kb4 $2 (54... g4 $19 55. Kc1 Rxb3) 55. Rc4+ $11 Kb5 $2 {[%mdl 8192]} (55... Ka5 $11 56. Rxc5+ Kb4 57. Rc4+ Kb5) 56. Rc2 $19 g4 57. Ka2 Kb4 $2 (57... Rh3 {setzt Matt} 58. b4 Kxb4 59. Rb2+ Kc3 60. Rb5 Kc4 61. Rb2 Kd3 62. Rb3+ Ke4 63. Rb2 Kf3 64. Ka3 Rh2 65. Rb3+ Kxf2 66. Rb2+ Kg3 67. Rb3+ Kf4 68. Ka4 g3 69. Rb8 g2 70. Rg8 Rh4 71. Kb5 Rg4 72. Rh8 g1=Q 73. Rh6 Rg6 74. Rxg6 Qxg6 75. Kc4 Qd6 76. Kb3 Ke3 77. Kc2 Qd2+ 78. Kb1 Kd3 79. Ka1 Kc2 80. Ka2 Qa5#) 58. Rc4+ $11 Kb5 $2 {[%mdl 8192]} (58... Ka5 $11 59. Rxc5+ Kb4 60. Rc4+ Kb5) 59. Rc2 Rh3 60. Ka3 Rh2 61. Rd2 f4 (61... g3 $142 62. Rd3 g2 63. Rg3 f4 64. Rg8 f3 65. Rb8+ Kc6 66. Rc8+ Kd7 67. Rxc5 g1=Q 68. Rc2 Rxf2 69. Rc5 {[#]} Ra2+ $1 {[%mdl 512]} 70. Kb4 Qd4+ 71. Rc4 Qd6+ 72. Rc5 Rc2 73. Kb5 Qxc5+ 74. Ka6 Ra2+ 75. Kb7 Qc7#) 62. b4 cxb4+ {Schwarz setzt Matt.} 63. Kb3 Rh3+ 64. Kb2 Rf3 65. Rc2 b3 66. Rd2 g3 67. fxg3 fxg3 68. Rd4 Kc5 {Precision: Weiß = 46%, Schwarz = 70%.} 0-1

[Event "RUS Cup Final Men 2017"]
[Site "Khanty-Mansiysk"]
[Date "2017.12.08"]
[Round "2.2"]
[White "Lomasov, Semen"]
[Black "Gordievsky, Dmitry"]
[Result "0-1"]
[WhiteElo "2516"]
[BlackElo "2610"]
[Annotator "TA"]
[PlyCount "68"]
[EventDate "2017.??.??"]
[EventType "k.o."]
[EventCountry "RUS"]
[SourceTitle "playchess.com"]
[Source "ChessBase"]
[SourceQuality "1"]

{[%evp 12,68,34,25,36,39,34,21,28,29,30,31,31,23,33,-7,-7,-16,-6,-18,-11,-39,-24,-24,-16,-23,-16,-15,-4,-17,-8,-76,-79,-140,-128,-192,-196,-213,-208,-216,-227,-220,-214,-199,-204,-214,-216,-252,-244,-256,-225,-243,-230,-241,-241,-378,-383,-437,-437]} 1. e4 {[%cal Be2e4,Be4e5][%mdl 32]} Nf6 {[%cal Bg8f6,Bf6d5,Bd5b6][%mdl 32]} 2. e5 Nd5 3. d4 d6 4. c4 Nb6 5. exd6 exd6 6. Nc3 Be7 7. Bd3 O-O {B03: Alekhine's Defence: Four Pawns Attack} 8. Nge2 Na6 (8... Nc6 9. O-O Bf6 10. b3 Re8 11. Be3 Bg4 12. Qd2 Bxe2 13. Nxe2 d5 14. c5 Nd7 15. b4 a6 16. Rae1 Nf8 17. Bb1 {1-0 (37) Gelashvili,T (2563)-Berkes,F (2654) Minsk 2017}) 9. b3 c6 {The position is equal.} 10. O-O Nb4 11. Bb1 d5 $146 ({Predecessor:} 11... Re8 12. Be3 Bf6 13. Qd2 d5 14. c5 Nd7 15. a3 {0-1 (47) Suito Nakasone,C (1946)-Nayberg,S (1749) Montevideo 2017}) 12. c5 {[#] Threatens to win with a3.} Nd7 13. Ng3 g6 14. Bh6 Re8 15. a3 Na6 16. Ra2 Bf8 17. Qd2 Bxh6 18. Qxh6 {aiming for Nh5!} Nf8 19. Nce2 f5 20. Nf4 Qf6 21. Ngh5 (21. Rd2 $11 {remains equal.}) 21... Qxd4 $17 22. Qg5 {[#]} (22. Rd2 $142 Qh8 23. b4) 22... Kf7 $1 23. Rd2 Qh8 24. Ng3 Nxc5 25. b4 Nce6 26. Nxe6 Nxe6 27. Qh4 Nf8 28. b5 Qf6 29. Qf4 Ne6 30. Qh6 Qg7 31. Qh4 Kg8 32. Rc1 Bd7 ({But not} 32... cxb5 33. Rxd5 Bd7 34. Bxf5 $17) 33. Bxf5 (33. Ne2 $142) 33... gxf5 $19 34. Nh5 Qe7 {Precision: White = 39%, Black = 70%.} 0-1

[Event "RUS Cup Final Men 2017"]
[Site "Khanty-Mansiysk"]
[Date "2017.12.08"]
[Round "2.2"]
[White "Golubov, Saveliy"]
[Black "Shaposhnikov, Evgeny"]
[Result "0-1"]
[WhiteElo "2488"]
[BlackElo "2563"]
[Annotator "TA"]
[PlyCount "62"]
[EventDate "2017.??.??"]
[EventType "k.o."]
[EventCountry "RUS"]
[SourceTitle "playchess.com"]
[Source "ChessBase"]
[SourceQuality "1"]

{[%evp 13,62,31,37,18,34,28,20,0,9,-50,-54,-39,0,0,0,0,-3,-62,-29,-1,-5,-9,-8,-62,-62,-101,-103,-109,-122,-273,-291,-300,-286,-282,-300,-330,-335,-343,-335,-406,-346,-446,-372,-468,-486,-5047,-5047,-4778,-435,-29993,-411]} 1. e4 c5 2. Nf3 e6 3. d4 cxd4 4. Nxd4 Nc6 5. Nc3 Qc7 6. f4 Nxd4 7. Qxd4 a6 8. Be3 {B47: Sizilianisch (Paulsen/Taimanow-Variante)} b5 $1 9. O-O-O Bb7 10. Kb1 {Die Stellung ist ausgeglichen.} Rc8 {zielt auf ...b4 ab.} 11. a3 $146 ({Besser ist} 11. Bd3 $11) ({Vorgänger:} 11. Bd3 Nf6 12. Rhe1 Be7 13. e5 Nd5 14. Nxd5 Bxd5 15. f5 Qa5 {1-0 (40) Fedoseev,V (2665)-Shaposhnikov,E (2545) Kolomna 2016}) 11... Nf6 $15 12. Bd3 Ng4 (12... Bxa3 $5 13. Nxb5 axb5 14. bxa3 O-O $15) 13. Bg1 e5 14. Qa7 {Und h3 würde nun gewinnen.} exf4 15. a4 ({Lieber} 15. Bd4 $11) 15... Ne3 16. Bxe3 fxe3 17. Qxe3 bxa4 18. Nd5 (18. Qd4 $11) 18... Qe5 $36 {[%mdl 2048] Schwarz hat Initiative.} 19. Qb6 Bc5 20. Qa5 (20. Qxb7 $2 Rb8 $19) 20... a3 {[%csl Ga3][%cal Re5b2]} 21. c3 $2 (21. Qc3 $17 {einziger Zug.} Qxc3 22. bxc3) 21... O-O $19 22. Rhf1 Bxd5 23. exd5 axb2 ({Schlechter ist} 23... Qxh2 24. Rh1 $11) 24. Rf3 Bd6 ({Lieber nicht} 24... Qxh2 25. Rh3 $11) 25. c4 g6 ({Nicht} 25... Qxh2 26. Rh3 $11) 26. g4 Qxh2 27. Qa4 Rc7 28. Rdf1 Qd2 29. Qxa6 {[#]} (29. Rd1 $142 Qg2 30. Rff1) 29... Bf4 $1 {[%mdl 512]} 30. Qa3 (30. Rxf4 Qxd3+) 30... Qc1+ (30... Rb8 $142 {( -> ...Dc1+)} 31. Rxf4 Ra7 $1 {[%mdl 512]}) 31. Ka2 {[#]} (31. Rxc1 $19 bxc1=Q+ 32. Qxc1 Bxc1 33. Kxc1) 31... b1=Q+ $1 {Precision: Weiß = 16%, Schwarz = 67%.} 0-1

[Event "RUS Cup Final Men 2017"]
[Site "Khanty-Mansiysk"]
[Date "2017.12.08"]
[Round "2.3"]
[White "Kokarev, Dmitry"]
[Black "Alekseenko, Kirill"]
[Result "1/2-1/2"]
[WhiteElo "2615"]
[BlackElo "2590"]
[Annotator "TA"]
[PlyCount "143"]
[EventDate "2017.??.??"]
[EventType "k.o."]
[EventCountry "RUS"]
[SourceTitle "playchess.com"]
[Source "ChessBase"]
[SourceQuality "1"]

{[%evp 29,143,18,30,0,26,40,55,53,96,77,93,78,75,76,83,45,46,26,49,0,109,103,137,79,90,20,16,9,0,0,2,0,5,-86,-75,-131,-139,-145,-151,-153,-162,-157,-168,-274,-263,-266,-269,-371,-286,-385,-358,-417,-411,-703,-684,-598,-591,-666,-579,-833,-381,-392,-323,-306,-315,-307,-323,-323,-323,-312,-316,-316,-293,-300,-300,-278,-285,-300,-285,-347,-347,-347,-347,-309,-190,-459,-435,-396,-385,-518,-175,-175,-175,-175,-175,-175,-175,-175,-175,-175,-175,-175,-175,-175,-175,-175,-175,-175,-175,-175,-175,-175,-101,-101,-51,-51]} 1. e4 e5 2. Nf3 Nc6 3. Bb5 a6 4. Ba4 Nf6 5. O-O Be7 6. Re1 b5 7. Bb3 d6 8. c3 O-O 9. h3 Bb7 10. d4 Re8 11. a3 h6 12. Bc2 Bf8 13. Nbd2 {[%cal Bb1d2,Bd2b3,Bb3a5][%mdl 32]} Nb8 14. b4 Nbd7 15. Bb2 Nb6 {LiveBook: 10 Games. C93: Closed Ruy Lopez: Smyslov Variation} (15... c5 16. bxc5 exd4 17. cxd6 dxc3 18. Bxc3 Bxd6 19. e5 Nd5 20. Bb2 Bc7 {½-½ (20) Motylev,A (2665)-Erdos,V (2614) Minsk 2017}) 16. Rc1 a5 17. Bd3 c6 $146 {White is slightly better.} ({Predecessor:} 17... Qd7 18. Qe2 exd4 19. cxd4 Nc4 20. Bxc4 bxc4 21. Qxc4 Nxe4 22. Qxc7 Qb5 23. Nxe4 Bxe4 {½-½ (39) Dai,C (2438)-Xu,M (2283) Shanghai 2017}) 18. Nb3 a4 19. Na5 Qc7 20. dxe5 dxe5 21. c4 bxc4 22. Bxc4 Nxc4 23. Rxc4 Nd7 24. Qc2 {[%cal Ra5c6]} Nb6 (24... c5 $11) 25. Rc3 $16 {[%cal Ra5c6]} Re6 26. Rc1 (26. Rd1 $142) 26... Rc8 27. Nd2 (27. Nxb7 $16 Qxb7 28. Nh4) 27... Ba8 $11 28. Ndc4 c5 29. b5 Nxc4 30. Nxc4 Qb7 31. Re3 (31. b6 $11 {keeps the balance.}) 31... Qxb5 $17 32. Bxe5 {[#]} ({White should play} 32. Rb1) 32... Rce8 $1 33. Rb1 Qa6 34. Qc3 {f3 would now be nice for White.} f6 35. Bg3 Bxe4 36. Rbe1 (36. Rd1 $142) 36... Bd5 $19 37. Rxe6 Rxe6 38. Rxe6 Bxe6 39. Nd2 Qe2 40. Kh2 c4 41. Nf3 (41. Qc1 $142) 41... Qd3 42. Qa5 Qxa3 43. Nd4 Bf7 44. Nf5 Qc5 (44... c3 $142 45. Ne3 Qb4) 45. Qd8 {Threatening Bd6.} Qxf5 46. Bd6 Kh7 {...Bxd6+ is the strong threat.} 47. Qxf8 Bd5 48. f3 c3 {[%cal Bc4c3,Bc3c2][%mdl 32]} 49. Qe7 Qc2 {( -> ...Bxf3)} 50. Kg3 Qd3 51. Qc7 c2 {Threatens to win with ...Bc4.} 52. Bf8 {[%csl Gf8][%cal Rc7g7]} Qg6+ 53. Kh2 Bb3 54. h4 Qf7 55. Qxf7 Bxf7 {[%mdl 4096] Endgame KB-KB} 56. Ba3 Kg6 {aiming for ...Kf5.} 57. g4 $2 (57. Kg1) 57... Bc4 58. Kg3 Be2 59. f4 f5 $2 (59... Bd1 60. f5+ Kf7) 60. g5 Kf7 61. Kf2 Bc4 62. Ke3 {[#]} Kg6 $1 {[%cal Rg6h5] Strongly threatening ...Kh5.} 63. Kf3 Kh5 64. Kg3 Bd5 65. Bb2 Be4 66. Ba3 Kg6 67. Kf2 Bc6 68. Bb2 Bb7 69. Ba3 Be4 70. Bb2 Kf7 (70... Kh5 $19 71. Kg3 Bd5) 71. Ke3 $17 Ke6 72. Kd2 {Precision: White = 52%, Black = 72%.} 1/2-1/2